000
00379nam a2200133Ia 4500
008
100328s9999 xx 000 0 und d
082
_b
64116
100
_a
पोरे सुरेश.
245
_a
अग्निपुष्प.
260
_b
योगिता.
630
_a
अग्निपुष्प.
730
_a
अग्निपुष्प.
942
_c
BOOK
999
_c
549932
_d
549929